000 00820nam a22002537a 4500
005 20170124110216.0
010 _aB-192214
020 _c00.00
_a0070603952
035 _aB-192214
037 _bCen Lib/Ret
040 _aDPL
_bEN
082 _a658.8
_bRAJ
100 _aRajiv Lal
_939157
245 _aMarketing management :
_cby Rajiv Lal, John A. Queslch [and] V. Kasturi Rangan
_btex and cases /
260 _aNew Delhi
_bTata McGraw Hill Publishing Company
_c2005
270 _bNew Delhi
_a7 west patel nagar
_e110008
300 _axiii, 811p.
_c24cm(Hb)
500 _aIncludes index
650 _aMarketing management
_921514
650 _aMarketing strategies
_920568
700 _aQuelch, John A.
_939158
700 _aRangan, V. Kasturi
_939159
942 _2ddc
_cEN
_h658.8
_mRAJ
999 _c133876
_d133876